000 00579nam a2200193 i 4500
001 181072
003 ES-MaACL
005 20231125063007.0
008 121016s2011 sp | |||||||| | spa d
020 _a978-84-204-7498-4
080 _a821.134.2-31"19"
100 1 _aDíez, Luis Mateo,
_d1942-
_944658
245 1 0 _aPájaro sin vuelo /
_cLuis Mateo Díez.
260 _a[Madrid] :
_bAlfaguara,
_c2011.
300 _a276 p. ;
_c24 cm.
852 _aES-MaACL
_jA-12290
_9187955
_bR.148367
_cDEPO1
_dOlim: N-5295
942 _2udc
_cMONOGRAFIA
999 _c181072
_d181072